| 000 | 00615nam a22001577a 4500 | ||
|---|---|---|---|
| 040 | _cNUST | ||
| 082 | _a200 | ||
| 100 |
_aRehmani Khurram _931593 |
||
| 110 |
_aSupervisor Dr Afshan Naseem _984286 |
||
| 245 |
_aDevelopment of an Integrated Framework for Enhancement of Organizational Effectiveness in Public Sector’s Technical Services Organization of Pakistan/ _cKhurram Rehmani |
||
| 260 |
_aRawalpindi: _bNUST COLLEGE OF EME, _c2021. |
||
| 300 |
_a254,p _bill; _c30,cm. |
||
| 650 |
_aPhD-ENGINEERING MANAGEMENT _9124516 |
||
| 856 | _uhttp://10.250.8.41:8080/xmlui/handle/123456789/34738 | ||
| 942 |
_2ddc _cSC |
||
| 999 |
_c586798 _d586798 |
||